00479nam a2200193 a 4500001001300000003000900013005001700022008004100039020002300080082001300103100001900116245002000135260004400155300000900199500003500208505001000243650001300253700001900266nice12345678IN_TiNIC20260116013620.0050524s1993 lona grp 000 0 eng  a019507596X c35000a200bEAS aEastman, Roger aWay of Religion aLondan bOxford University Press c1993 a489p aincludes index and biblioraphy2 aIndex aReligion1 aEastman, Roger